000 00622nam a2200229Ia 4500
003 OSt
005 20221007080631.0
006 a|||||r|||| 00| 0
007 ta
008 221006b |||||||| |||| 00| 0 eng d
024 _a17,674
037 _cTextual
040 _aFLL
_cFLL
_beng
041 _2eng
_aeng
082 _aY1:45:6:Z73, L2
100 _aGlaser Daniel Au.
_9695116
245 0 _aAdult crime and social policy
260 _aNew Jersey
_b Prentice Hall U.S.A.
_c1972
300 _a128p
_ccm.
942 _hY1:45:6:Z73, L2
_cTEXL
_2CC
999 _c1160370
_d1160370